Turning research and development into profits: A systematic approach (Record no. 34792)

MARC details
000 -LEADER
fixed length control field 00345nam a2200121Ia 4500
082 ## - DEWEY DECIMAL CLASSIFICATION NUMBER
Classification number 658.5
Item number BIS
100 ## - MAIN ENTRY--AUTHOR NAME
Personal name Bisio, Attilio
245 #0 - TITLE STATEMENT
Title Turning research and development into profits: A systematic approach
260 ## - PUBLICATION, DISTRIBUTION, ETC. (IMPRINT)
Place of publication New York
Name of publisher Amacom
Year of publication 1979
700 ## - ADDED ENTRY--PERSONAL NAME
Personal name Gastwirt, Lawrence
942 ## - ADDED ENTRY ELEMENTS (KOHA)
Koha item type Books
Holdings
Withdrawn status Lost status Damaged status Not for loan Home library Current library Date acquired Cost, normal purchase price Full call number Accession Number Koha item type
        RRII Library RRII Library 16/12/2021 33.50 658.5 BIS 15219 Books